|
|
|
|
| LEADER |
00000nas a2200000 a 4500 |
| 001 |
ssj0002470 |
| 003 |
WaSeSS |
| 005 |
20200512172242.0 |
| 006 |
m d |
| 007 |
cr n |
| 008 |
020724c19729999mauqr pss 0 a0eng c |
| 010 |
|
|
|a 2002214539
|
| 015 |
|
|
|a GBB436130
|2 bnb
|
| 016 |
7 |
|
|a 012434772
|2 Uk
|
| 022 |
|
|
|a 1541-0072
|l 0190-292X
|y 0190-292X
|
| 035 |
|
|
|a (WaSeSS)ssj0002470
|
| 037 |
|
|
|b Journal Customer Services, John Wiley & Sons Inc, 350 Main St., Malden, MA 02148
|
| 040 |
|
|
|a NSD
|b eng
|c NSD
|d OCLCQ
|d OCL
|d OCLCQ
|d DLC
|d VRC
|d LGG
|d CLU
|d OCLCQ
|d BUF
|d OCLCQ
|d DOS
|d OCLCQ
|d DLC
|d OCLCO
|d OCLCF
|d OCLCO
|d VT2
|d OCLCQ
|d WT2
|d NLE
|d OCLCQ
|d UUM
|d OCLCO
|d OCLCQ
|d TOF
|d OCLCQ
|d OCLCO
|d WYU
|d UKMGB
|d OCLCQ
|d OCLCO
|d U3W
|d OCLCO
|d NJT
|d OCLCQ
|d OCLCO
|d WaSeSS
|
| 042 |
|
|
|a pcc
|a nsdp
|
| 050 |
0 |
0 |
|a H96
|
| 050 |
1 |
4 |
|a H1
|b .P72
|
| 082 |
1 |
0 |
|a 361
|2 13
|
| 130 |
0 |
|
|a Policy studies journal (Online)
|
| 222 |
|
0 |
|a Policy studies journal
|b (Online)
|
| 245 |
1 |
0 |
|a Policy studies journal
|h [electronic resource].
|
| 246 |
1 |
|
|a PSJ
|f <Feb. 2012->
|
| 260 |
|
|
|3 <2003-> :
|a Malden, Mass. :
|b Blackwell Publishers
|
| 260 |
3 |
|
|3 <2012-> :
|a Malden, MA :
|b Wiley Periodicals Inc.
|
| 310 |
|
|
|a Quarterly
|
| 362 |
1 |
|
|a Print began with vol. 1, no. 1 (autumn 1972).
|
| 500 |
|
|
|a Published: Hoboken, NJ., <2009->
|
| 506 |
|
|
|a License restrictions may limit access.
|
| 525 |
|
|
|a Has annual special issue and supplement with title: Public policy yearbook.
|
| 538 |
|
|
|a Mode of access: World Wide Web.
|
| 550 |
|
|
|a Published on behalf of the Policy Studies Organization, <2004->; and on behalf of the Policy Studies Organization and the Public Policy Section of the American Political Science Association, <May 2009->
|
| 588 |
0 |
|
|a Vol. 31, issue 1 (2003); title from journal information screen (FirstSearch, viewed Apr. 22, 2004).
|
| 588 |
1 |
|
|a Volume 41, issue 1 (February 2013) (Library of Congress eDeposit archive, viewed May 7, 2013).
|
| 650 |
|
0 |
|a Policy sciences
|v Periodicals.
|
| 650 |
|
0 |
|a Social sciences
|v Periodicals.
|
| 650 |
|
7 |
|a Public Policy & Administration.
|2 ebps
|
| 650 |
|
7 |
|a Policy sciences.
|2 fast
|0 (OCoLC)fst01068796
|
| 650 |
|
7 |
|a Social sciences.
|2 fast
|0 (OCoLC)fst01122877
|
| 655 |
|
0 |
|a Electronic journals.
|
| 710 |
2 |
|
|a Policy Studies Organization.
|
| 710 |
2 |
|
|a American Political Science Association.
|b Public Policy Section.
|
| 740 |
0 |
2 |
|a Public policy yearbook.
|
| 776 |
0 |
8 |
|i Print version as:
|t Policy studies journal
|x 0190-292X
|w (DLC) 72625926
|w (OCoLC)1316083
|
| 787 |
1 |
|
|t Public policy yearbook
|w (DLC) 2009223305
|w (OCoLC)428815983
|
| 850 |
|
|
|a DLC
|
| 856 |
4 |
0 |
|z Full text available from Research Library: 04/01/1994 to 11/30/2011
|u https://search.proquest.com/publication/7589
|